[Event "ROM-ch U12"]
[Site "Calimanesti"]
[Date "2018.03.31"]
[Round "6"]
[White "Ferentiu, Raul Florin"]
[Black "Mihalcescu, Alexandru"]
[Result "1/2-1/2"]
[WhiteElo "1614"]
[BlackElo "1497"]
[PlyCount "66"]
[EventDate "2018.03.27"]
[EventType "swiss"]
[EventRounds "9"]
[EventCountry "ROU"]
[SourceTitle "CBM 183 Extra"]
[Source "ChessBase"]
[SourceDate "2018.04.19"]
[SourceVersion "1"]
[SourceVersionDate "2018.04.19"]
[SourceQuality "1"]

1. e4 e5 2. Bc4 Nc6 3. d3 Nf6 4. Nc3 Be7 5. h3 d6 6. Nce2 0-0 7. Nf3 Na5 8. Bb3 Nxb3 9. axb3 Be6 10. Be3 c5 11. c4 a6 12. 0-0 b5 13. Qc2 Qb6 14. Bd2 bxc4 15. bxc4 Rfb8 16. Bc3 Qb3 17. Qxb3 Rxb3 18. Ra2 Nd7 19. Nd2 Rb6 20. Ng3 g6 21. f3 Nb8 22. Rfa1 Nc6 23. Ngf1 Bg5 24. Kf2 Nb4 25. Bxb4 Rxb4 26. b3 Rb6 27. Ke2 Kf8 28. Ne3 Ke7 29. Nef1 Kd8 30. Kd1 Kc7 31. Kc2 Kb7 32. Ra3 Kc7 33. R1a2 Kb7 1/2-1/2

[Event "ROM-ch U12"]
[Site "Calimanesti"]
[Date "2018.03.29"]
[Round "4"]
[White "Ferentiu, Raul Florin"]
[Black "Nastore, Pavel Alexandru"]
[Result "0-1"]
[WhiteElo "1614"]
[BlackElo "1810"]
[PlyCount "88"]
[EventDate "2018.03.27"]
[EventType "swiss"]
[EventRounds "9"]
[EventCountry "ROU"]
[SourceTitle "CBM 183 Extra"]
[Source "ChessBase"]
[SourceDate "2018.04.19"]
[SourceVersion "1"]
[SourceVersionDate "2018.04.19"]
[SourceQuality "1"]

1. e4 c5 2. Nf3 d6 3. c4 Nf6 4. Nc3 Bg4 5. d3 Nc6 6. Be2 g6 7. h3 Bxf3 8. Bxf3 Bg7 9. Be3 0-0 10. 0-0 Nd7 11. Be2 a6 12. Qc1 Re8 13. Rb1 Bd4 14. Bd2 Rb8 15. Kh1 b5 16. b3 Bg7 17. Be3 Qa5 18. Bd2 b4 19. Na4 Nd4 20. Bd1 Qc7 21. Bc2 Ne5 22. f4 Nec6 23. Be3 e6 24. Qd2 f5 25. exf5 Nxf5 26. Bf2 Bd4 27. Be1 Be3 28. Qd1 Bd4 29. Qe2 e5 30. Qf3 Ne3 31. Rf2 exf4 32. Re2 Rf8 33. Nb2 Ne5 34. Qe4 Rbe8 35. Nd1 N5xc4 36. Qf3 Nxc2 37. dxc4 Nxe1 38. Qf1 f3 39. gxf3 Rxe2 40. Qxe2 Nxf3 41. Nf2 Ne5 42. Ng4 Qc6+ 43. Kh2 Nxg4+ 44. hxg4 Rf2+ 0-1

[Event "ROM-ch U10"]
[Site "Calimanesti"]
[Date "2015.04.05"]
[Round "8"]
[White "Ferentiu, Raul Florin"]
[Black "Danila, Stefan"]
[Result "1/2-1/2"]
[WhiteElo "1282"]
[BlackElo "1153"]
[PlyCount "89"]
[EventDate "2015.03.30"]
[EventType "swiss"]
[EventRounds "9"]
[EventCountry "ROU"]
[SourceTitle "CBM 165 Extra"]
[Source "ChessBase"]
[SourceDate "2015.04.21"]
[SourceVersion "1"]
[SourceVersionDate "2015.04.21"]
[SourceQuality "1"]

1. e4 c5 2. Nf3 g6 3. d4 cxd4 4. Nxd4 Nc6 5. Nc3 Bg7 6. Be3 Nf6 7. Be2 0-0 8. Nb3 d6 9. 0-0 Be6 10. f4 d5 11. e5 Ne4 12. Nxe4 dxe4 13. Qxd8 Raxd8 14. Rad1 a6 15. Nd2 Bxa2 16. Nxe4 f5 17. Nc3 Be6 18. Bb6 Rc8 19. Rd2 Bh6 20. g3 Nxe5 21. Nd5 Bxd5 22. Rxd5 Nc4 23. Bxc4 Rxc4 24. c3 Bg7 25. Rd7 Rcc8 26. Rxe7 Rf7 27. Rfe1 Bf6 28. Re8+ Rxe8 29. Rxe8+ Kg7 30. Kf1 Rd7 31. Ke2 g5 32. Be3 g4 33. Rc8 Re7 34. Rc4 h5 35. Rc5 Kg6 36. Rd5 h4 37. Kf2 h3 38. Rd6 Kf7 39. Bc5 Rc7 40. Bd4 Bxd4+ 41. Rxd4 Ke6 42. Ke3 b5 43. Kd3 Rc5 44. b3 a5 45. c4 1/2-1/2

[Event "ROM-ch U10"]
[Site "Calimanesti"]
[Date "2015.04.01"]
[Round "3"]
[White "Dragomir, Andrei Darius"]
[Black "Ferentiu, Raul Florin"]
[Result "0-1"]
[WhiteElo "1583"]
[BlackElo "1282"]
[PlyCount "106"]
[EventDate "2015.03.30"]
[EventType "swiss"]
[EventRounds "9"]
[EventCountry "ROU"]
[SourceTitle "CBM 165 Extra"]
[Source "ChessBase"]
[SourceDate "2015.04.21"]
[SourceVersion "1"]
[SourceVersionDate "2015.04.21"]
[SourceQuality "1"]

1. e4 c5 2. Nf3 a6 3. d4 cxd4 4. Nxd4 Nf6 5. Nc3 e5 6. Nf3 Bb4 7. Bd2 Nc6 8. Bd3 d6 9. 0-0 Bg4 10. a3 Ba5 11. b4 Bb6 12. h3 Bh5 13. Be2 Bg6 14. Bg5 Nd4 15. Bxf6 gxf6 16. Nh4 f5 17. Nxg6 fxg6 18. Bd3 Rf8 19. Nd5 fxe4 20. Bxe4 Ba7 21. c3 Ne6 22. Qd3 Qd7 23. Rad1 Nf4 24. Nxf4 Rxf4 25. Qd5 Rb8 26. Qxd6 Qxd6 27. Rxd6 Rxe4 28. Rfd1 Re2 29. R1d2 Bxf2+ 30. Kf1 Rxd2 31. Rxd2 Bh4 32. Re2 Bf6 33. Kf2 Ke7 34. Kf3 Rf8 35. Ke4 Ke6 36. c4 Rd8 37. c5 Rd4+ 38. Ke3 Bg5+ 39. Kf3 Bc1 40. Rc2 Bxa3 41. c6 bxc6 42. Rxc6+ Rd6 43. Rc4 Rb6 44. Rh4 Rb7 45. Re4 Bxb4 46. Ke3 Bd6 47. Kd3 Rb3+ 48. Kc2 Rb4 49. Re3 a5 50. Re1 a4 51. Ra1 a3 52. Kc3 Bc5 53. g4 Bd4+ 0-1

[Event "ROM-ch U08"]
[Site "Calimanesti"]
[Date "2014.04.06"]
[Round "1"]
[White "Ferentiu, Raul Florin"]
[Black "Tablan, Andrei Damian"]
[Result "0-1"]
[WhiteElo "1037"]
[BlackElo "1225"]
[PlyCount "54"]
[EventDate "2014.04.06"]
[EventType "swiss"]
[EventRounds "9"]
[EventCountry "ROU"]
[SourceTitle "CBM 160 Extra"]
[Source "ChessBase"]
[SourceDate "2014.07.01"]
[SourceVersion "1"]
[SourceVersionDate "2014.07.01"]
[SourceQuality "1"]

1. e4 e5 2. Nf3 Nc6 3. Bc4 Nf6 4. Ng5 Bc5 5. Bxf7+ Kf8 6. Bc4 d5 7. exd5 Nxd5 8. Qf3+ Nf6 9. Be6 Nd4 10. Qc3 Bd6 11. Bxc8 Rxc8 12. Qc4 Qe7 13. 0-0 b5 14. Qd3 c5 15. c4 b4 16. b3 e4 17. Qh3 Rc7 18. a3 Nc6 19. axb4 Nxb4 20. Nc3 Nc2 21. Ra2 Nd4 22. Bb2 Rb7 23. Qc8+ Ne8 24. Nd5 Qxg5 25. Qxb7 Qh5 26. g3 Nf3+ 27. Kg2 Qxh2# 0-1